[Event "European Online Club-ch-C 2021"]
[Site "Online"]
[Date "2021.03.27"]
[Round "1.18"]
[White "Subelj, Jan"]
[Black "Grigorian, Spartak"]
[Result "1-0"]
[WhiteElo "2418"]
[BlackElo "2458"]
[Annotator "ChessBase"]
[PlyCount "119"]
[EventDate "2021.03.27"]
[EventType "team-tourn"]
[EventCountry "NET"]
[SourceTitle "playchess.com"]
[Source "ChessBase"]
[SourceQuality "1"]
[TimeControl "900+5"]

1. e4 {[%emt 0:00:00]} c5 {[%emt 0:00:10]} 2. Nf3 {[%emt 0:00:06]} d6 {[%emt 0:00:01]} 3. Bb5+ {[%emt 0:00:03]} Nd7 {[%emt 0:00:04]} 4. c3 {[%emt 0:00:02]} Ngf6 {[%emt 0:00:10]} 5. Qe2 {[%emt 0:00:07]} a6 {[%emt 0:00:02]} 6. Ba4 {[%emt 0:00:02]} b5 {[%emt 0:00:06]} 7. Bc2 {[%emt 0:00:02]} Bb7 {[%emt 0:00:08]} 8. d4 {[%emt 0:00:32]} e6 {[%emt 0:00:08]} 9. O-O {[%emt 0:00:08]} Be7 {[%emt 0:00:02]} 10. Re1 {[%emt 0:00:17]} Qc7 {[%emt 0:00:16]} 11. Bd3 {[%emt 0:00:06]} O-O {[%emt 0:00:31]} 12. Nbd2 {[%emt 0:00:03]} Rac8 {[%emt 0:00:16]} 13. Nf1 {[%emt 0:00:06]} cxd4 {[%emt 0:00:09]} 14. cxd4 {[%emt 0:00:02]} e5 {[%emt 0:00:01]} 15. Ng3 {[%emt 0:01:10]} exd4 {[%emt 0:00:03]} 16. Nxd4 {[%emt 0:00:07]} Rfe8 {[%emt 0:00:02]} 17. Bf4 {[%emt 0:00:11]} Bf8 {[%emt 0:00:11]} 18. Ndf5 {[%emt 0:00:33]} Ne5 {[%emt 0:00:21]} 19. Rad1 {[%emt 0:00:22]} Qb6 {[%emt 0:02:29]} 20. Bb1 {[%emt 0:01:26]} d5 {[%emt 0:01:39]} 21. Be3 {[%emt 0:01:56]} Qc7 {[%emt 0:00:25]} 22. f4 {[%emt 0:02:23]} Nc4 {[%emt 0:01:12]} 23. Bd4 {[%emt 0:02:31]} Re6 {[%emt 0:04:58]} 24. e5 {[%emt 0:00:29]} g6 {[%emt 0:00:19]} 25. Ne3 {[%emt 0:01:22]} Nxe3 {[%emt 0:00:55]} 26. Qxe3 {[%emt 0:00:14]} Ne4 {[%emt 0:01:23]} 27. Nxe4 {[%emt 0:00:19]} dxe4 {[%emt 0:00:00]} 28. Bxe4 {[%emt 0:00:02]} Bxe4 {[%emt 0:00:04]} 29. Qxe4 {[%emt 0:00:02]} Qc2 {[%emt 0:00:06]} 30. Bc3 {[%emt 0:00:27]} Qxe4 {[%emt 0:00:34]} 31. Rxe4 {[%emt 0:00:03]} f5 {[%emt 0:00:00]} 32. Re2 {[%emt 0:00:05]} b4 {[%emt 0:00:01]} 33. Be1 {[%emt 0:00:03]} Rec6 {[%emt 0:00:07]} 34. Kf1 {[%emt 0:00:12]} Rc4 {[%emt 0:00:12]} 35. g3 {[%emt 0:00:05]} a5 {[%emt 0:00:15]} 36. Rd7 {[%emt 0:00:20]} R4c7 {[%emt 0:00:20]} 37. Red2 {[%emt 0:00:43]} Be7 {[%emt 0:00:01]} 38. Rxc7 {[%emt 0:00:09]} Rxc7 {[%emt 0:00:00]} 39. b3 {[%emt 0:00:04]} Kf7 {[%emt 0:00:03]} 40. Ke2 {[%emt 0:00:01]} Ke6 {[%emt 0:00:02]} 41. Bf2 {[%emt 0:00:02]} Rc1 {[%emt 0:00:08]} 42. Bb6 {[%emt 0:00:07]} Bc5 {[%emt 0:00:24]} 43. Bxc5 {[%emt 0:00:10]} Rxc5 {[%emt 0:00:00]} 44. Rd6+ {[%emt 0:00:01]} Ke7 {[%emt 0:00:01]} 45. Kd2 {[%emt 0:00:02]} a4 {[%emt 0:00:15]} 46. Rb6 {[%emt 0:00:14]} Rd5+ {[%emt 0:00:07]} 47. Ke3 {[%emt 0:00:03]} Rc5 {[%emt 0:00:08]} 48. Rxb4 {[%emt 0:00:05]} a3 {[%emt 0:00:03]} 49. Rc4 {[%emt 0:00:14]} Rd5 {[%emt 0:00:03]} 50. Ra4 {[%emt 0:00:08]} Rd1 {[%emt 0:00:01]} 51. Rxa3 {[%emt 0:00:01]} Rh1 {[%emt 0:00:02]} 52. Ra7+ {[%emt 0:00:02]} Ke6 {[%emt 0:00:02]} 53. Rxh7 {[%emt 0:00:02]} Re1+ {[%emt 0:00:04]} 54. Kd4 {[%emt 0:00:07]} Rd1+ {[%emt 0:00:02]} 55. Kc5 {[%emt 0:00:02]} Rc1+ {[%emt 0:00:01]} 56. Kb5 {[%emt 0:00:02]} Kd5 {[%emt 0:00:05]} 57. b4 {[%emt 0:00:05]} Ke4 {[%emt 0:00:05]} 58. e6 {[%emt 0:00:03]} Kf3 {[%emt 0:00:01]} 59. e7 {[%emt 0:00:03]} Re1 {[%emt 0:00:02]} 60. a4 {[%emt 0:00:03]} 1-0

[Event "European Online Club-ch-C 2021"]
[Site "Online"]
[Date "2021.03.27"]
[Round "1.19"]
[White "Reuker, Jari"]
[Black "Skuhala, Jernej"]
[Result "0-1"]
[WhiteElo "2423"]
[BlackElo "2351"]
[Annotator "NA"]
[PlyCount "110"]
[EventDate "2021.03.27"]
[EventType "team-tourn"]
[EventCountry "NET"]
[SourceTitle "playchess.com"]
[Source "ChessBase"]
[SourceQuality "1"]
[TimeControl "900+5"]

1. c4 {[%emt 0:00:00]} Nf6 {[%emt 0:00:02]} 2. Nc3 {[%emt 0:00:03]} e6 {[%emt 0:00:02]} 3. e4 {[%emt 0:00:01]} c5 {[%emt 0:00:22]} 4. e5 {[%emt 0:00:03]} Ng8 {[%emt 0:00:03]} 5. Nf3 {[%emt 0:00:01]} d6 {[%emt 0:00:58]} 6. exd6 {[%emt 0:00:03]} Bxd6 {[%emt 0:00:02]} 7. d4 {[%emt 0:00:01]} cxd4 {[%emt 0:00:08]} 8. Nxd4 {[%emt 0:00:00]} Nf6 {[%emt 0:00:05]} 9. g3 {[%emt 0:00:07]} a6 {[%emt 0:00:32]} 10. Bg2 {[%emt 0:00:16]} O-O {[%emt 0:01:22]} 11. O-O {[%emt 0:00:04]} Qc7 {[%emt 0:00:06]} 12. Ndb5 {[%emt 0:01:10]} axb5 {[%emt 0:02:30]} 13. Nxb5 {[%emt 0:00:00]} Qxc4 {[%emt 0:00:34]} 14. Nxd6 {[%emt 0:00:03]} Qc7 {[%emt 0:00:12]} 15. Bf4 {[%emt 0:02:58]} Nc6 {[%emt 0:03:48]} 16. Ne4 {[%emt 0:05:01]} Qd8 {[%emt 0:01:12]} 17. Qxd8 {[%emt 0:00:03]} Nxd8 {[%emt 0:00:36]} 18. Nxf6+ {[%emt 0:00:35]} gxf6 {[%emt 0:00:04]} 19. Rfd1 {[%emt 0:01:27]} e5 {[%emt 0:00:21]} 20. Bh6 {[%emt 0:00:02]} Re8 {[%emt 0:00:01]} 21. a3 {[%emt 0:00:39]} Ne6 {[%emt 0:00:20]} 22. Be3 {[%emt 0:00:54]} Kg7 {[%emt 0:00:54]} 23. Rd6 {[%emt 0:00:38]} Rd8 {[%emt 0:01:07]} 24. Rad1 {[%emt 0:00:16]} Rxd6 {[%emt 0:00:03]} 25. Rxd6 {[%emt 0:00:01]} Kf8 {[%emt 0:00:37]} 26. Rb6 {[%emt 0:00:38]} Ra6 {[%emt 0:00:10]} 27. Rb4 {[%emt 0:00:44]} Nd8 {[%emt 0:00:08]} 28. Bc5+ {[%emt 0:00:15]} Kg7 {[%emt 0:00:14]} 29. Kf1 {[%emt 0:00:40]} Nc6 {[%emt 0:00:13]} 30. Rb6 {[%emt 0:00:24]} Rxb6 {[%emt 0:00:28]} 31. Bxb6 {[%emt 0:00:00]} f5 {[%emt 0:00:01]} 32. Ke2 {[%emt 0:00:05]} Kf6 {[%emt 0:00:03]} 33. Ke3 {[%emt 0:00:15]} Be6 {[%emt 0:00:06]} 34. b4 {[%emt 0:00:08]} Bc4 {[%emt 0:00:04]} 35. f4 {[%emt 0:00:05]} e4 {[%emt 0:00:17]} 36. Bc5 {[%emt 0:00:03]} Bd3 {[%emt 0:00:07]} 37. h3 {[%emt 0:00:08]} h5 {[%emt 0:00:02]} 38. a4 {[%emt 0:00:06]} Ke6 {[%emt 0:00:03]} 39. b5 {[%emt 0:00:10]} Na5 {[%emt 0:00:03]} 40. Bb4 {[%emt 0:00:03]} Nc4+ {[%emt 0:00:02]} 41. Kd4 {[%emt 0:00:01]} Nb6 {[%emt 0:00:05]} 42. a5 {[%emt 0:00:10]} Nd5 {[%emt 0:00:01]} 43. Kc5 {[%emt 0:00:06]} Nxb4 {[%emt 0:00:11]} 44. Kxb4 {[%emt 0:00:00]} Kd5 {[%emt 0:00:02]} 45. Kc3 {[%emt 0:00:10]} Bxb5 {[%emt 0:00:03]} 46. h4 {[%emt 0:00:05]} Be2 {[%emt 0:00:09]} 47. Bh3 {[%emt 0:00:02]} Bg4 {[%emt 0:00:02]} 48. Bf1 {[%emt 0:00:01]} e3 {[%emt 0:00:03]} 49. Bc4+ {[%emt 0:00:03]} Ke4 {[%emt 0:00:05]} 50. Bxf7 {[%emt 0:00:06]} Kf3 {[%emt 0:00:01]} 51. Bd5+ {[%emt 0:00:02]} Kf2 {[%emt 0:00:01]} 52. Bc4 {[%emt 0:00:13]} e2 {[%emt 0:00:03]} 53. Bxe2 {[%emt 0:00:01]} Bxe2 {[%emt 0:00:01]} 54. Kd4 {[%emt 0:00:02]} Kxg3 {[%emt 0:00:02]} 55. Ke5 {[%emt 0:00:01]} Kg4 {[%emt 0:00:01]} 0-1

[Event "European Online Club-ch-C 2021"]
[Site "Online"]
[Date "2021.03.27"]
[Round "1.20"]
[White "Marn, Jan"]
[Black "Schulze, Lara"]
[Result "1/2-1/2"]
[WhiteElo "2346"]
[BlackElo "2269"]
[Annotator "NA"]
[PlyCount "86"]
[EventDate "2021.03.27"]
[EventType "team-tourn"]
[EventCountry "NET"]
[SourceTitle "playchess.com"]
[Source "ChessBase"]
[SourceQuality "1"]
[TimeControl "900+5"]

1. d4 {[%emt 0:00:00]} Nf6 {[%emt 0:00:12]} 2. c4 {[%emt 0:00:05]} e6 {[%emt 0:00:03]} 3. Nf3 {[%emt 0:00:18]} b6 {[%emt 0:00:05]} 4. g3 {[%emt 0:00:19]} Ba6 {[%emt 0:00:05]} 5. b3 {[%emt 0:00:38]} Bb4+ {[%emt 0:00:05]} 6. Bd2 {[%emt 0:00:06]} Be7 {[%emt 0:00:04]} 7. Bg2 {[%emt 0:00:10]} O-O {[%emt 0:00:11]} 8. O-O {[%emt 0:00:06]} d5 {[%emt 0:00:03]} 9. Qc2 {[%emt 0:00:35]} c5 {[%emt 0:00:20]} 10. Nc3 {[%emt 0:01:27]} Nc6 {[%emt 0:00:30]} 11. cxd5 {[%emt 0:00:47]} Nxd4 {[%emt 0:02:20]} 12. Qb2 {[%emt 0:04:48]} Nxe2+ {[%emt 0:02:21]} 13. Nxe2 {[%emt 0:01:32]} Bxe2 {[%emt 0:00:04]} 14. dxe6 {[%emt 0:00:02]} Bxf1 {[%emt 0:01:00]} 15. exf7+ {[%emt 0:00:04]} Kh8 {[%emt 0:01:56]} 16. Rxf1 {[%emt 0:00:04]} Ne4 {[%emt 0:01:24]} 17. Bf4 {[%emt 0:00:11]} Rc8 {[%emt 0:00:39]} 18. Ne5 {[%emt 0:01:01]} Ng5 {[%emt 0:01:07]} 19. Qe2 {[%emt 0:03:05]} Nxf7 {[%emt 0:01:43]} 20. Nc6 {[%emt 0:00:04]} Rxc6 {[%emt 0:00:43]} 21. Bxc6 {[%emt 0:00:00]} Bd6 {[%emt 0:00:34]} 22. Be3 {[%emt 0:01:08]} Qf6 {[%emt 0:00:09]} 23. Rd1 {[%emt 0:00:11]} Bxg3 {[%emt 0:00:19]} 24. hxg3 {[%emt 0:00:01]} Qxc6 {[%emt 0:00:03]} 25. Qh5 {[%emt 0:00:10]} Qf6 {[%emt 0:00:13]} 26. Bf4 {[%emt 0:00:04]} h6 {[%emt 0:00:33]} 27. Rd7 {[%emt 0:00:04]} Ng5 {[%emt 0:00:09]} 28. Rxa7 {[%emt 0:00:12]} Rd8 {[%emt 0:00:06]} 29. Bxg5 {[%emt 0:00:03]} Qxg5 {[%emt 0:00:03]} 30. Qxg5 {[%emt 0:00:02]} hxg5 {[%emt 0:00:01]} 31. Rb7 {[%emt 0:00:03]} Rd6 {[%emt 0:00:10]} 32. Kg2 {[%emt 0:00:03]} g4 {[%emt 0:00:06]} 33. a3 {[%emt 0:00:05]} Kh7 {[%emt 0:00:03]} 34. b4 {[%emt 0:00:02]} cxb4 {[%emt 0:00:04]} 35. axb4 {[%emt 0:00:01]} Kg6 {[%emt 0:00:01]} 36. Re7 {[%emt 0:00:10]} Kf6 {[%emt 0:00:11]} 37. Re4 {[%emt 0:00:03]} Kf5 {[%emt 0:00:10]} 38. Rf4+ {[%emt 0:00:03]} Kg5 {[%emt 0:00:02]} 39. Kf1 {[%emt 0:00:01]} Rf6 {[%emt 0:00:11]} 40. Rd4 {[%emt 0:00:06]} Re6 {[%emt 0:00:04]} 41. Rf4 {[%emt 0:00:02]} Rf6 {[%emt 0:00:03]} 42. Rd4 {[%emt 0:00:16]} Re6 {[%emt 0:00:01]} 43. Rf4 {[%emt 0:00:01]} Rf6 {[%emt 0:00:02]} 1/2-1/2

[Event "European Online Club-ch-C 2021"]
[Site "Online"]
[Date "2021.03.27"]
[Round "2.1"]
[White "Sahin, Ozgun"]
[Black "Markoja, Boris"]
[Result "0-1"]
[WhiteElo "2281"]
[BlackElo "2439"]
[Annotator "NA"]
[PlyCount "50"]
[EventDate "2021.03.27"]
[EventType "team-tourn"]
[EventCountry "NET"]
[SourceTitle "playchess.com"]
[Source "ChessBase"]
[SourceQuality "1"]
[TimeControl "900+5"]

1. e4 {[%emt 0:00:00]} e6 {[%emt 0:00:04]} 2. d4 {[%emt 0:00:03]} d5 {[%emt 0:00:01]} 3. Nc3 {[%emt 0:00:02]} Bb4 {[%emt 0:00:03]} 4. e5 {[%emt 0:00:07]} c5 {[%emt 0:00:03]} 5. a3 {[%emt 0:00:02]} Bxc3+ {[%emt 0:00:01]} 6. bxc3 {[%emt 0:00:02]} Ne7 {[%emt 0:00:02]} 7. Qg4 {[%emt 0:00:02]} Qc7 {[%emt 0:00:02]} 8. Qxg7 {[%emt 0:00:03]} Rg8 {[%emt 0:00:02]} 9. Qxh7 {[%emt 0:00:02]} cxd4 {[%emt 0:00:01]} 10. Ne2 {[%emt 0:00:06]} Nbc6 {[%emt 0:00:07]} 11. cxd4 {[%emt 0:01:20]} Nxd4 {[%emt 0:00:19]} 12. Ra2 {[%emt 0:00:08]} Ndf5 {[%emt 0:04:36]} 13. f4 {[%emt 0:04:34]} Bd7 {[%emt 0:00:25]} 14. g3 {[%emt 0:01:25]} O-O-O {[%emt 0:00:40]} 15. Qh5 {[%emt 0:00:34]} Qc4 {[%emt 0:01:50]} 16. Rb2 {[%emt 0:00:18]} Qe4 {[%emt 0:00:02]} 17. Rg1 {[%emt 0:00:38]} Rh8 {[%emt 0:00:19]} 18. Qg5 {[%emt 0:00:47]} Rxh2 {[%emt 0:01:14]} 19. Rb4 {[%emt 0:01:00]} Qxc2 {[%emt 0:00:27]} 20. Bg2 {[%emt 0:01:18]} Rg8 {[%emt 0:00:41]} 21. Rb2 {[%emt 0:00:26]} Qc5 {[%emt 0:01:04]} 22. Qf6 {[%emt 0:00:28]} Rh6 {[%emt 0:00:08]} 23. Qxf7 {[%emt 0:00:14]} Be8 {[%emt 0:00:07]} 24. Qxg8 {[%emt 0:00:35]} Nxg8 {[%emt 0:00:02]} 25. g4 {[%emt 0:00:05]} Ng3 {[%emt 0:00:11]} 0-1

[Event "European Online Club-ch-C 2021"]
[Site "Online"]
[Date "2021.03.27"]
[Round "2.2"]
[White "Subelj, Jan"]
[Black "Okuyaz, Duru"]
[Result "1-0"]
[WhiteElo "2418"]
[BlackElo "2076"]
[Annotator "NA"]
[PlyCount "45"]
[EventDate "2021.03.27"]
[EventType "team-tourn"]
[EventCountry "NET"]
[SourceTitle "playchess.com"]
[Source "ChessBase"]
[SourceQuality "1"]
[TimeControl "900+5"]

1. e4 {[%emt 0:00:00]} e6 {[%emt 0:00:02]} 2. d4 {[%emt 0:00:03]} d5 {[%emt 0:00:01]} 3. Nd2 {[%emt 0:00:04]} dxe4 {[%emt 0:00:01]} 4. Nxe4 {[%emt 0:00:02]} Nd7 {[%emt 0:00:01]} 5. Nf3 {[%emt 0:00:23]} Ngf6 {[%emt 0:00:03]} 6. Nxf6+ {[%emt 0:00:03]} Nxf6 {[%emt 0:00:04]} 7. g3 {[%emt 0:00:05]} c5 {[%emt 0:00:15]} 8. Bg2 {[%emt 0:00:03]} cxd4 {[%emt 0:00:17]} 9. Qxd4 {[%emt 0:00:04]} Qxd4 {[%emt 0:00:16]} 10. Nxd4 {[%emt 0:00:02]} a6 {[%emt 0:00:12]} 11. O-O {[%emt 0:00:07]} Bc5 {[%emt 0:00:16]} 12. Nb3 {[%emt 0:00:09]} Ba7 {[%emt 0:00:07]} 13. Na5 {[%emt 0:00:41]} Nd5 {[%emt 0:00:22]} 14. c4 {[%emt 0:00:11]} Bb6 {[%emt 0:00:53]} 15. Bd2 {[%emt 0:00:31]} Bxa5 {[%emt 0:00:29]} 16. Bxa5 {[%emt 0:00:02]} Ne7 {[%emt 0:00:02]} 17. Rfd1 {[%emt 0:00:25]} O-O {[%emt 0:00:42]} 18. Bb4 {[%emt 0:00:04]} Ng6 {[%emt 0:01:34]} 19. Bxf8 {[%emt 0:00:04]} Kxf8 {[%emt 0:00:01]} 20. Rd8+ {[%emt 0:00:04]} Ke7 {[%emt 0:00:02]} 21. Rad1 {[%emt 0:00:01]} Nf8 {[%emt 0:00:07]} 22. c5 {[%emt 0:00:24]} e5 {[%emt 0:01:27]} 23. c6 {[%emt 0:00:21]} 1-0

[Event "European Online Club-ch-C 2021"]
[Site "Online"]
[Date "2021.03.27"]
[Round "2.3"]
[White "Yagiz, Bora"]
[Black "Skuhala, Jernej"]
[Result "0-1"]
[WhiteElo "1877"]
[BlackElo "2351"]
[Annotator "NA"]
[PlyCount "74"]
[EventDate "2021.03.27"]
[EventType "team-tourn"]
[EventCountry "NET"]
[SourceTitle "playchess.com"]
[Source "ChessBase"]
[SourceQuality "1"]
[TimeControl "900+5"]

1. e4 {[%emt 0:00:00]} c6 {[%emt 0:00:16]} 2. d4 {[%emt 0:00:06]} d5 {[%emt 0:00:02]} 3. Nd2 {[%emt 0:00:01]} dxe4 {[%emt 0:00:04]} 4. Nxe4 {[%emt 0:00:02]} Nf6 {[%emt 0:00:07]} 5. Nxf6+ {[%emt 0:00:17]} gxf6 {[%emt 0:00:02]} 6. Be3 {[%emt 0:00:48]} Bf5 {[%emt 0:00:04]} 7. Nf3 {[%emt 0:01:28]} Nd7 {[%emt 0:00:18]} 8. Nh4 {[%emt 0:02:56]} Bg6 {[%emt 0:00:03]} 9. Nxg6 {[%emt 0:00:12]} hxg6 {[%emt 0:00:04]} 10. Qd2 {[%emt 0:00:23]} e6 {[%emt 0:00:43]} 11. h3 {[%emt 0:03:09]} Bd6 {[%emt 0:00:10]} 12. c4 {[%emt 0:00:51]} Qc7 {[%emt 0:00:31]} 13. O-O-O {[%emt 0:00:25]} f5 {[%emt 0:02:20]} 14. g3 {[%emt 0:00:44]} O-O-O {[%emt 0:02:16]} 15. Kb1 {[%emt 0:00:27]} c5 {[%emt 0:02:40]} 16. Rc1 {[%emt 0:02:42]} e5 {[%emt 0:00:40]} 17. dxe5 {[%emt 0:01:03]} Bxe5 {[%emt 0:00:07]} 18. Bg2 {[%emt 0:00:23]} Nf6 {[%emt 0:00:24]} 19. Qc2 {[%emt 0:00:10]} Rhe8 {[%emt 0:00:13]} 20. Rcd1 {[%emt 0:00:12]} Qb6 {[%emt 0:00:07]} 21. b3 {[%emt 0:00:14]} Qa5 {[%emt 0:00:26]} 22. Bd5 {[%emt 0:00:09]} Re7 {[%emt 0:00:20]} 23. Qd2 {[%emt 0:00:06]} Qb6 {[%emt 0:00:42]} 24. f4 {[%emt 0:00:03]} Bd6 {[%emt 0:00:08]} 25. Qf2 {[%emt 0:00:04]} Rde8 {[%emt 0:00:44]} 26. Rhe1 {[%emt 0:00:01]} Ne4 {[%emt 0:00:12]} 27. Bxe4 {[%emt 0:00:06]} Rxe4 {[%emt 0:00:05]} 28. Bd2 {[%emt 0:00:03]} Bf8 {[%emt 0:00:05]} 29. Rxe4 {[%emt 0:00:07]} fxe4 {[%emt 0:00:01]} 30. Be3 {[%emt 0:00:03]} Qc6 {[%emt 0:00:17]} 31. Rd5 {[%emt 0:00:03]} b6 {[%emt 0:00:02]} 32. g4 {[%emt 0:00:06]} Bg7 {[%emt 0:00:04]} 33. f5 {[%emt 0:00:10]} Qf6 {[%emt 0:00:03]} 34. Kc1 {[%emt 0:00:08]} Qa1+ {[%emt 0:00:03]} 35. Kd2 {[%emt 0:00:02]} Qxa2+ {[%emt 0:00:09]} 36. Ke1 {[%emt 0:00:02]} Qxb3 {[%emt 0:00:14]} 37. f6 {[%emt 0:00:02]} Qc3+ {[%emt 0:00:07]} 0-1

[Event "European Online Club-ch-C 2021"]
[Site "Online"]
[Date "2021.03.27"]
[Round "2.4"]
[White "Marn, Jan"]
[Black "Deveci, Huseyin Said"]
[Result "1/2-1/2"]
[WhiteElo "2346"]
[BlackElo "1521"]
[Annotator "NA"]
[PlyCount "121"]
[EventDate "2021.03.27"]
[EventType "team-tourn"]
[EventCountry "NET"]
[SourceTitle "playchess.com"]
[Source "ChessBase"]
[SourceQuality "1"]
[TimeControl "900+5"]

1. d4 {[%emt 0:00:00]} Nf6 {[%emt 0:00:08]} 2. c4 {[%emt 0:00:03]} c5 {[%emt 0:00:02]} 3. d5 {[%emt 0:00:11]} b5 {[%emt 0:00:06]} 4. Qc2 {[%emt 0:00:09]} bxc4 {[%emt 0:00:05]} 5. e4 {[%emt 0:00:01]} d6 {[%emt 0:00:04]} 6. Bxc4 {[%emt 0:00:05]} Nbd7 {[%emt 0:00:15]} 7. Nf3 {[%emt 0:00:06]} g6 {[%emt 0:00:05]} 8. O-O {[%emt 0:00:08]} Bg7 {[%emt 0:00:03]} 9. Nc3 {[%emt 0:00:06]} O-O {[%emt 0:00:04]} 10. h3 {[%emt 0:00:08]} Nb6 {[%emt 0:00:22]} 11. Be2 {[%emt 0:00:04]} Bb7 {[%emt 0:00:22]} 12. a4 {[%emt 0:00:17]} a5 {[%emt 0:00:04]} 13. Bf4 {[%emt 0:00:12]} Rc8 {[%emt 0:00:35]} 14. Rad1 {[%emt 0:01:45]} Re8 {[%emt 0:01:38]} 15. Bb5 {[%emt 0:00:38]} Nfd7 {[%emt 0:00:40]} 16. Rfe1 {[%emt 0:00:24]} Rf8 {[%emt 0:00:30]} 17. Bh2 {[%emt 0:01:20]} Na8 {[%emt 0:01:39]} 18. Nd2 {[%emt 0:01:35]} Ndb6 {[%emt 0:00:25]} 19. b3 {[%emt 0:00:43]} Nc7 {[%emt 0:00:21]} 20. Nc4 {[%emt 0:00:37]} Nxb5 {[%emt 0:00:26]} 21. axb5 {[%emt 0:00:54]} Ra8 {[%emt 0:00:32]} 22. Na4 {[%emt 0:00:08]} Nc8 {[%emt 0:00:42]} 23. f4 {[%emt 0:01:27]} Na7 {[%emt 0:00:11]} 24. b6 {[%emt 0:00:18]} Nb5 {[%emt 0:00:03]} 25. Kh1 {[%emt 0:00:28]} Nd4 {[%emt 0:00:40]} 26. Qb1 {[%emt 0:00:08]} f5 {[%emt 0:00:38]} 27. Bg1 {[%emt 0:00:56]} fxe4 {[%emt 0:00:28]} 28. Bxd4 {[%emt 0:00:05]} Bxd4 {[%emt 0:00:54]} 29. Qxe4 {[%emt 0:00:02]} Bf6 {[%emt 0:00:28]} 30. Re2 {[%emt 0:02:09]} Rf7 {[%emt 0:00:32]} 31. Kh2 {[%emt 0:00:34]} Qd7 {[%emt 0:01:38]} 32. g3 {[%emt 0:00:24]} Bc8 {[%emt 0:00:23]} 33. Qg2 {[%emt 0:00:02]} Ba6 {[%emt 0:00:10]} 34. Re4 {[%emt 0:00:23]} Bb7 {[%emt 0:00:12]} 35. Re2 {[%emt 0:00:56]} Kg7 {[%emt 0:01:12]} 36. Re3 {[%emt 0:00:21]} Bd4 {[%emt 0:00:25]} 37. Re2 {[%emt 0:00:11]} Rf5 {[%emt 0:00:28]} 38. Rde1 {[%emt 0:00:02]} Re8 {[%emt 0:00:05]} 39. Ne3 {[%emt 0:00:02]} Bxe3 {[%emt 0:00:04]} 40. Rxe3 {[%emt 0:00:00]} Bxd5 {[%emt 0:00:02]} 41. Qe2 {[%emt 0:00:02]} e6 {[%emt 0:00:14]} 42. Qd2 {[%emt 0:00:09]} Bc6 {[%emt 0:00:13]} 43. R3e2 {[%emt 0:00:11]} c4 {[%emt 0:00:08]} 44. g4 {[%emt 0:00:03]} Rf7 {[%emt 0:00:10]} 45. Nc3 {[%emt 0:00:03]} cxb3 {[%emt 0:00:02]} 46. Qd4+ {[%emt 0:00:11]} Kg8 {[%emt 0:00:01]} 47. Ne4 {[%emt 0:00:03]} Bxe4 {[%emt 0:00:14]} 48. Rxe4 {[%emt 0:00:01]} a4 {[%emt 0:00:02]} 49. Qxa4 {[%emt 0:00:03]} Qxa4 {[%emt 0:00:05]} 50. Rxa4 {[%emt 0:00:00]} b2 {[%emt 0:00:09]} 51. Rb4 {[%emt 0:00:02]} Rb8 {[%emt 0:00:03]} 52. Kg3 {[%emt 0:00:04]} Rfb7 {[%emt 0:00:06]} 53. Rxb2 {[%emt 0:00:02]} Kf7 {[%emt 0:00:01]} 54. Reb1 {[%emt 0:00:02]} d5 {[%emt 0:00:03]} 55. Kf3 {[%emt 0:00:01]} Ke7 {[%emt 0:00:03]} 56. Ke3 {[%emt 0:00:03]} Kd6 {[%emt 0:00:01]} 57. Kd4 {[%emt 0:00:01]} Rf8 {[%emt 0:00:02]} 58. Rf1 {[%emt 0:00:02]} Rfb8 {[%emt 0:00:03]} 59. Rfb1 {[%emt 0:00:15]} Rf8 {[%emt 0:00:01]} 60. Rf1 {[%emt 0:00:13]} Rfb8 {[%emt 0:00:23]} 61. Rfb1 {[%emt 0:00:04]} 1/2-1/2

[Event "European Online Club-ch-C 2021"]
[Site "Online"]
[Date "2021.03.27"]
[Round "2.5"]
[White "Migot, Tangi"]
[Black "Babula, Vlastimil"]
[Result "0-1"]
[WhiteElo "2353"]
[BlackElo "2559"]
[Annotator "ChessBase"]
[PlyCount "70"]
[EventDate "2021.03.27"]
[EventType "team-tourn"]
[EventCountry "NET"]
[SourceTitle "playchess.com"]
[Source "ChessBase"]
[SourceQuality "1"]
[TimeControl "900+5"]

1. e4 {[%emt 0:04:14]} c5 {[%emt 0:00:08]} 2. Nf3 {[%emt 0:00:02]} e6 {[%emt 0:00:03]} 3. d4 {[%emt 0:00:08]} cxd4 {[%emt 0:00:02]} 4. Nxd4 {[%emt 0:00:00]} Nc6 {[%emt 0:00:03]} 5. Nc3 {[%emt 0:00:29]} Qc7 {[%emt 0:00:05]} 6. Be3 {[%emt 0:00:17]} a6 {[%emt 0:00:03]} 7. Be2 {[%emt 0:00:07]} Nf6 {[%emt 0:00:05]} 8. O-O {[%emt 0:00:02]} Be7 {[%emt 0:00:06]} 9. Kh1 {[%emt 0:00:03]} O-O {[%emt 0:00:11]} 10. f4 {[%emt 0:00:13]} d6 {[%emt 0:00:02]} 11. Qe1 {[%emt 0:00:04]} Nxd4 {[%emt 0:00:06]} 12. Bxd4 {[%emt 0:00:00]} b5 {[%emt 0:00:01]} 13. a3 {[%emt 0:00:02]} Nd7 {[%emt 0:00:03]} 14. Qg3 {[%emt 0:00:18]} Bf6 {[%emt 0:00:02]} 15. Bxf6 {[%emt 0:00:12]} Nxf6 {[%emt 0:00:03]} 16. Bd3 {[%emt 0:00:02]} Bb7 {[%emt 0:00:13]} 17. Rae1 {[%emt 0:00:26]} Rad8 {[%emt 0:01:04]} 18. e5 {[%emt 0:00:53]} dxe5 {[%emt 0:00:41]} 19. fxe5 {[%emt 0:00:00]} Nd7 {[%emt 0:00:28]} 20. Ne4 {[%emt 0:01:25]} Bxe4 {[%emt 0:00:09]} 21. Rxe4 {[%emt 0:02:36]} Nc5 {[%emt 0:00:18]} 22. Rg4 {[%emt 0:00:01]} g6 {[%emt 0:00:11]} 23. Rh4 {[%emt 0:00:18]} Rd5 {[%emt 0:02:18]} 24. Re1 {[%emt 0:00:26]} Rfd8 {[%emt 0:04:01]} 25. Bf1 {[%emt 0:01:44]} Rd1 {[%emt 0:00:43]} 26. c4 {[%emt 0:00:52]} f5 {[%emt 0:00:36]} 27. cxb5 {[%emt 0:00:31]} axb5 {[%emt 0:00:26]} 28. h3 {[%emt 0:00:23]} Ne4 {[%emt 0:00:17]} 29. Rhxe4 {[%emt 0:00:18]} fxe4 {[%emt 0:00:04]} 30. Kh2 {[%emt 0:00:02]} Rxe1 {[%emt 0:00:05]} 31. Qxe1 {[%emt 0:00:02]} Qxe5+ {[%emt 0:00:02]} 32. Kh1 {[%emt 0:00:01]} e3 {[%emt 0:00:05]} 33. b4 {[%emt 0:00:10]} Rd2 {[%emt 0:00:28]} 34. Be2 {[%emt 0:00:06]} Ra2 {[%emt 0:00:06]} 35. Bf1 {[%emt 0:00:43]} e2 {[%emt 0:00:11]} 0-1